Effectif Angers SCO 2025/2026 - Statistiques

Statistiques générales
  • Ce quiz a été pris 111 fois
  • Le résultat moyen est 19 sur 25
Statistiques - réponses
Pays Poste numéro Réponse % Correct
Burkina Faso Gardien 12 Koffi
98%
France Avant-centre 11 Cherif
91%
France Défenseur central 21 Lefort
91%
Algérie Milieu offensif 10 Abdelli
90%
Mali Défenseur central 4 Camara
89%
Haïti Arrière droit 2 Arcus
88%
Congo Gardien 16 Zinga
88%
Algérie Milieu central 93 Belkebla
85%
France Milieu central 15 Capelle
85%
France Avant-centre 35 Peter
83%
France Milieu défensif 5 Courcoul
81%
Maroc Ailier gauche 7 Sbai
81%
Gabon Ailier droit 18 Allevinah
80%
France Arrière gauche 26 Hanin
80%
Gabon Arrière gauche 3 Ekomie
78%
Mali Gardien 40 Pona
78%
France Arrière droit 27 Raolisoa
75%
Côte d'Ivoire Défenseur central 25 Bamba
74%
France Milieu central 6 Mouton
74%
Maroc Milieu central 14 Belkhdim
73%
France Avant-centre 36 Machine
65%
France Défenseur central 24 Biumla
60%
France Arrière droit 20 Louer
51%
France Ailier droit 17 Kalumba
26%
Mali Arrière gauche 23 Sinate
26%
Aucun quiz correspondant
Distribution des résultats
% des personnes avec chaque résultat
Percentile par nombre de réponses
Votre historique - résultats
Vous n’avez pas pris ce quiz